000 01134nam a22003257a 4500
003 DO-SdBPM
005 20250808083955.0
007 ta
008 161020b1996 sp a spa d
020 _a9788421611142
040 _aDO-SdBPM
_bspa
_cBPMSU
_erda
082 4 _a828.9943
_bM478f 1998
_222
100 1 _aMcLean, Alan C.
_eautor
245 1 0 _aEl fantasma del valle /
_cAlan C. McLean ; ilustración, Julián González ; traducción Carmen Pérez Perdigó ; comentario del texto Antonio-Manuel Fabregat.
250 _a9ª ed.
264 _aMadrid :
_bBruño,
_c1998
300 _a153 páginas :
_bilustraciones ;
_c19 cm.
336 _atexto
_btxt
_2rdacontent
337 _asin mediación
_bn
_2rdamedia
338 _avolumen
_bnc
_2rdacarrier
490 0 _aAltamar,
_v22
590 _aInventariado, 2025/VM
650 7 _aCuentos juveniles escoceses
650 7 _a Cuentos de fantasmas
700 1 _aFabregat, Antonio-Manuel,
_d1936-
_ecomentario
700 1 _aGonzález, Julián,
_eilustraciones
700 1 _aPérez Perdigó, Carmen
_etraductor
910 _aVMateo V. Control de calidad. BPMSU
942 _2ddc
_cBK
999 _c12470
_d12470